000 00728cam a2200193 4500
001 WS102221
008 000000n 000 0 eng u
035 _a(Sirsi) u108221
110 _aSouth African Institute of Valuers
_93938
245 _aSouth African Institute of Valuers
520 _aWeb site for this national society of professional real estate valuers. Includes a membership list, industry news and links to their journal 'SA Valuer'.
650 _aSOUTH AFRICA
650 _aValuation
_96273
650 _aORGANISATION
650 _aINTERNATIONAL
690 _aPROPERTY-PROPERTY APPRAISAL AND VALUATION
856 4 0 _uhttps://www.saiv.org.za
_zView the website free of charge at www.saiv.org.za...
942 _n0
999 _c119637
_d119637